[Event "ISR-chT 1011"]
[Site "Israel"]
[Date "2011.03.04"]
[Round "3.2"]
[White "Lerner, Konstantin Z"]
[Black "Baron, Tal"]
[Result "1/2-1/2"]
[WhiteElo "2521"]
[BlackElo "2465"]
[PlyCount "50"]
[EventDate "2010.12.24"]
[EventType "team-tourn"]
[EventRounds "11"]
[EventCountry "ISR"]
[SourceTitle "EXT 2012"]
[Source "ChessBase"]
[SourceDate "2011.11.24"]
[SourceVersion "1"]
[SourceVersionDate "2011.11.24"]
[SourceQuality "1"]
[WhiteTeam "Kefar Sava Hapoel"]
[BlackTeam "Rishon Le Zion Feldklein"]
[WhiteTeamCountry "ISR"]
[BlackTeamCountry "ISR"]

1. d4 Nf6 2. c4 g6 3. Nc3 d5 4. Bf4 Bg7 5. e3 0-0 6. Rc1 c5 7. dxc5 Be6 8. Nf3 Nc6 9. Be2 Ne4 10. 0-0 Nxc3 11. bxc3 dxc4 12. Ng5 Bd7 13. Bxc4 e5 14. Bg3 Na5 15. Be2 Bc6 16. Nf3 Re8 17. Qxd8 Raxd8 18. Rfd1 f6 19. Nd2 Bf8 20. Nb3 Nxb3 21. axb3 Bxc5 22. b4 Bb6 23. c4 Rxd1+ 24. Rxd1 Rd8 25. Rxd8+ Bxd8 1/2-1/2

[Event "Kefar Sava schev"]
[Site "Kefar Sava"]
[Date "2010.07.01"]
[Round "10"]
[White "Lerner, Konstantin Z"]
[Black "Wee, Chun Jie Eugene"]
[Result "1-0"]
[WhiteElo "2530"]
[BlackElo "2024"]
[PlyCount "87"]
[EventDate "2010.06.20"]
[EventType "schev"]
[EventRounds "10"]
[EventCountry "ISR"]
[SourceTitle "CBM 137 Extra"]
[Source "ChessBase"]
[SourceDate "2010.09.01"]
[SourceVersion "1"]
[SourceVersionDate "2010.09.01"]
[SourceQuality "1"]

1. d4 d5 2. c4 dxc4 3. Nf3 Nf6 4. e3 e6 5. Bxc4 a6 6. a4 c5 7. 0-0 Nc6 8. Qe2 cxd4 9. Rd1 Be7 10. exd4 0-0 11. Nc3 Qc7 12. Bg5 Nb4 13. Rac1 Qa5 14. Ne5 Rd8 15. h4 h6 16. Be3 Bd7 17. Bb3 Be8 18. Qf3 Nbd5 19. Nc4 Qc7 20. Nxd5 Nxd5 21. Bd2 Bxh4 22. Ba5 Qf4 23. Qxf4 Nxf4 24. Kf1 b5 25. Bxd8 Bxd8 26. Nd6 bxa4 27. Nxe8 axb3 28. Nd6 Nd5 29. Rd3 Rb8 30. Rc8 Rxc8 31. Nxc8 Bf6 32. Nd6 a5 33. Rxb3 Bxd4 34. Nc4 a4 35. Ra3 Kf8 36. Rxa4 Ke7 37. b4 Kd7 38. b5 f5 39. Ra6 g5 40. b6 Kc8 41. b7+ Kxb7 42. Rxe6 Nb6 43. Nd6+ Kc7 44. Nb5+ 1-0

[Event "Kefar Sava schev"]
[Site "Kefar Sava"]
[Date "2010.06.21"]
[Round "2"]
[White "Lerner, Konstantin Z"]
[Black "Reshef, Omer"]
[Result "1-0"]
[WhiteElo "2530"]
[BlackElo "1950"]
[PlyCount "71"]
[EventDate "2010.06.20"]
[EventType "schev"]
[EventRounds "10"]
[EventCountry "ISR"]
[SourceTitle "CBM 137 Extra"]
[Source "ChessBase"]
[SourceDate "2010.09.01"]
[SourceVersion "1"]
[SourceVersionDate "2010.09.01"]
[SourceQuality "1"]

1. d4 d5 2. c4 c6 3. Nf3 Nf6 4. Nc3 dxc4 5. a4 Bf5 6. e3 Nbd7 7. Bxc4 e6 8. 0-0 Bd6 9. h3 0-0 10. Nh4 Bg6 11. Nxg6 hxg6 12. Qc2 Qe7 13. Rd1 Nd5 14. Ne4 Nb4 15. Qe2 a5 16. Nxd6 Qxd6 17. e4 Nb6 18. Bb3 Rac8 19. Be3 Qe7 20. d5 c5 21. dxe6 fxe6 22. Rac1 Rc6 23. Rc3 Rfc8 24. Qb5 Nd7 25. Qxb7 R6c7 26. Qb5 Ne5 27. Rdc1 Qh4 28. Bxe6+ Kh7 29. Bxc8 Rxc8 30. Rxc5 Rxc5 31. Rxc5 Ned3 32. Rc8 Qxe4 33. Qb8 g5 34. Rh8+ Kg6 35. Qd6+ Kf5 36. Rf8# 1-0

[Event "Kefar Sava schev"]
[Site "Kefar Sava"]
[Date "2010.06.20"]
[Round "1"]
[White "Efroimski, Marsel"]
[Black "Lerner, Konstantin Z"]
[Result "0-1"]
[WhiteElo "2170"]
[BlackElo "2530"]
[PlyCount "72"]
[EventDate "2010.06.20"]
[EventType "schev"]
[EventRounds "10"]
[EventCountry "ISR"]
[SourceTitle "CBM 137 Extra"]
[Source "ChessBase"]
[SourceDate "2010.09.01"]
[SourceVersion "1"]
[SourceVersionDate "2010.09.01"]
[SourceQuality "1"]

1. e4 e5 2. Nf3 Nc6 3. Bc4 Bc5 4. b4 Bxb4 5. c3 Ba5 6. d4 d6 7. dxe5 dxe5 8. Qb3 Qf6 9. Bg5 Qg6 10. 0-0 Nf6 11. Qa3 Bb6 12. Nbd2 Bg4 13. Bd5 0-0-0 14. c4 Nd4 15. Bxf6 Qxf6 16. c5 Qe7 17. Nxd4 Bxc5 18. Qg3 h5 19. N4b3 Bb6 20. Nc4 c6 21. Nxb6+ axb6 22. Bc4 Rh6 23. Qc3 Rg6 24. Kh1 Kb8 25. h3 Bc8 26. Nd2 Qg5 27. Rg1 Rxd2 28. Bxf7 Rf6 29. Bxh5 Rfxf2 30. Bg4 Bxg4 31. Qg3 Qf4 32. Qxg4 Qxg4 33. hxg4 Rxa2 34. Rad1 Rad2 35. Rb1 b5 36. Rb3 Rf4 0-1

[Event "ISR-chT"]
[Site "Israel"]
[Date "2010.02.05"]
[Round "3.2"]
[White "Smirin, Ilia"]
[Black "Lerner, Konstantin Z"]
[Result "1/2-1/2"]
[WhiteElo "2668"]
[BlackElo "2538"]
[PlyCount "67"]
[EventDate "2010.01.29"]
[EventType "team"]
[EventRounds "11"]
[EventCountry "ISR"]
[SourceTitle "EXT 2011"]
[Source "ChessBase"]
[SourceDate "2010.11.26"]
[SourceVersion "1"]
[SourceVersionDate "2010.11.26"]
[SourceQuality "1"]
[WhiteTeam "Ashdod"]
[BlackTeam "Kefar Sava Hapoel"]
[WhiteTeamCountry "ISR"]
[BlackTeamCountry "ISR"]

1. e4 c5 2. Nf3 d6 3. d4 cxd4 4. Nxd4 Nf6 5. Nc3 a6 6. Be3 e5 7. Nb3 Be7 8. f3 Be6 9. Qd2 0-0 10. 0-0-0 Nbd7 11. g4 b5 12. g5 b4 13. Ne2 Ne8 14. f4 a5 15. f5 Bxb3 16. cxb3 a4 17. bxa4 Rxa4 18. b3 Ra5 19. Ng3 d5 20. exd5 Bc5 21. Kb1 Nd6 22. f6 Bxe3 23. Qxe3 Rxa2 24. fxg7 Re8 25. Kxa2 Qa5+ 26. Kb1 Ra8 27. Rd2 Qa1+ 28. Kc2 e4 29. Ba6 Qxa6 30. Kd1 Ne5 31. Nxe4 Ng4 32. Qf4 Qa1+ 33. Ke2 Qxh1 34. Nxd6 1/2-1/2

[Event "Herzliya Slutsky Memorial"]
[Site "Herzliya"]
[Date "2009.12.26"]
[Round "8"]
[White "Lerner, Konstantin Z"]
[Black "Baron, Tal"]
[Result "1-0"]
[WhiteElo "2549"]
[BlackElo "2410"]
[PlyCount "209"]
[EventDate "2009.12.19"]
[EventType "tourn"]
[EventRounds "9"]
[EventCountry "ISR"]
[EventCategory "8"]
[SourceTitle "CBM 134 Extra"]
[Source "ChessBase"]
[SourceDate "2010.03.03"]
[SourceVersion "1"]
[SourceVersionDate "2010.03.03"]
[SourceQuality "1"]

1. d4 Nf6 2. Bg5 Ne4 3. Bf4 c5 4. f3 Qa5+ 5. c3 Nf6 6. d5 Qb6 7. Bc1 e6 8. e4 exd5 9. exd5 d6 10. Na3 Be7 11. Nc4 Qc7 12. a4 0-0 13. Ne2 Nbd7 14. Ng3 Ne5 15. Ne3 g6 16. Be2 Ne8 17. f4 Nd7 18. 0-0 f5 19. Bd3 Bf6 20. Bd2 Bg7 21. Qc2 Ndf6 22. Rae1 Qf7 23. c4 Nc7 24. Bc3 Bd7 25. Rf2 b6 26. Rfe2 Rfe8 27. Nef1 Rxe2 28. Rxe2 Re8 29. Rxe8+ Qxe8 30. b3 a5 31. Qe2 Na6 32. Qxe8+ Bxe8 33. Ne3 Kf7 34. Ne2 Bd7 35. Kf2 Nb4 36. Bb1 Na6 37. Kf3 Ne8 38. h3 h5 39. Bxg7 Kxg7 40. Kg3 Nf6 41. Ng1 Nc7 42. Nf3 Ng8 43. Ng5 Nh6 44. Nf1 Kf6 45. Nd2 Na6 46. Ndf3 Bc8 47. Kf2 Bd7 48. Ke3 Bc8 49. Bd3 Nc7 50. Nh4 Bd7 51. Ngf3 Ne8 52. Ng5 Nc7 53. Nhf3 Bc8 54. Nd2 Bd7 55. Nb1 Bc8 56. Nc3 Bd7 57. Kf2 Ke7 58. Kg3 Kf6 59. Kh4 Ng8 60. Be2 Nh6 61. Nf3 Ne8 62. Nh2 Kg7 63. Nf1 Kf6 64. Ne3 Ng8 65. g4 hxg4 66. hxg4 Ne7 67. Bd3 Ng7 68. Ne2 Bc8 69. Ng1 fxg4 70. Nxg4+ Bxg4 71. Kxg4 Ngf5 72. Ne2 Ne3+ 73. Kf3 N7f5 74. Nc3 Nc2 75. Bxc2 Nd4+ 76. Kg4 Nxc2 77. Ne4+ Kg7 78. Nxd6 Nd4 79. Nc8 Nxb3 80. d6 Nd4 81. d7 Ne6 82. f5 gxf5+ 83. Kxf5 Kf7 84. Ke5 b5 85. cxb5 c4 86. Nd6+ Ke7 87. Nxc4 Kxd7 88. Kd5 Nf4+ 89. Kc5 Kc7 90. b6+ Kb7 91. Kb5 Nd5 92. Nxa5+ Kb8 93. Nc6+ Kb7 94. Nd8+ Kc8 95. Ne6 Nc3+ 96. Kb4 Nd5+ 97. Kc5 Nc3 98. a5 Kb7 99. Nc7 Na4+ 100. Kb5 Nc3+ 101. Kb4 Ne4 102. Ne6 Kc6 103. Nd8+ Kd7 104. a6 Kc8 105. a7 1-0

[Event "Herzliya Slutsky Memorial"]
[Site "Herzliya"]
[Date "2009.12.24"]
[Round "6"]
[White "Lerner, Konstantin Z"]
[Black "Neimer, Vitaly"]
[Result "1-0"]
[WhiteElo "2549"]
[BlackElo "2350"]
[PlyCount "61"]
[EventDate "2009.12.19"]
[EventType "tourn"]
[EventRounds "9"]
[EventCountry "ISR"]
[EventCategory "8"]
[SourceTitle "CBM 134 Extra"]
[Source "ChessBase"]
[SourceDate "2010.03.03"]
[SourceVersion "1"]
[SourceVersionDate "2010.03.03"]
[SourceQuality "1"]

1. d4 Nf6 2. c4 e6 3. Nf3 b6 4. g3 Ba6 5. b3 Bb4+ 6. Bd2 Be7 7. Nc3 c6 8. e4 d5 9. e5 Ne4 10. Bd3 Nxc3 11. Bxc3 c5 12. dxc5 Bxc5 13. Qe2 Nc6 14. 0-0 dxc4 15. Be4 Rc8 16. Rfd1 Qe7 17. a3 b5 18. b4 Bb6 19. Rd6 Nb8 20. h4 Bb7 21. Ng5 Bxe4 22. Nxe4 Bc7 23. Qg4 Kf8 24. h5 Rg8 25. Rad1 h6 26. R1d2 f5 27. exf6 gxf6 28. Qf3 f5 29. Nf6 Rg5 30. Rd7 Nxd7 31. Rxd7 1-0

[Event "Herzliya Slutsky Memorial"]
[Site "Herzliya"]
[Date "2009.12.20"]
[Round "2"]
[White "Lerner, Konstantin Z"]
[Black "Kantsler, Boris"]
[Result "1/2-1/2"]
[WhiteElo "2549"]
[BlackElo "2474"]
[PlyCount "33"]
[EventDate "2009.12.19"]
[EventType "tourn"]
[EventRounds "9"]
[EventCountry "ISR"]
[EventCategory "8"]
[SourceTitle "CBM 134 Extra"]
[Source "ChessBase"]
[SourceDate "2010.03.03"]
[SourceVersion "1"]
[SourceVersionDate "2010.03.03"]
[SourceQuality "1"]

1. d4 d6 2. e4 Nf6 3. Nc3 g6 4. Be3 c6 5. Qd2 Bg7 6. Nf3 0-0 7. Bh6 Bg4 8. Be2 Nbd7 9. Bxg7 Kxg7 10. h3 Bxf3 11. Bxf3 e5 12. 0-0-0 b5 13. g4 Nb6 14. dxe5 dxe5 15. Qxd8 Rfxd8 16. Ne2 Kf8 17. b3 1/2-1/2

[Event "Herzliya Slutsky Memorial"]
[Site "Herzliya"]
[Date "2009.12.19"]
[Round "1"]
[White "Zilberman, Yaacov"]
[Black "Lerner, Konstantin Z"]
[Result "0-1"]
[WhiteElo "2439"]
[BlackElo "2549"]
[PlyCount "66"]
[EventDate "2009.12.19"]
[EventType "tourn"]
[EventRounds "9"]
[EventCountry "ISR"]
[EventCategory "8"]
[SourceTitle "CBM 134 Extra"]
[Source "ChessBase"]
[SourceDate "2010.03.03"]
[SourceVersion "1"]
[SourceVersionDate "2010.03.03"]
[SourceQuality "1"]

1. d4 Nf6 2. c4 e6 3. Nc3 Bb4 4. e3 0-0 5. Bd3 d5 6. Nf3 c5 7. 0-0 Nc6 8. a3 Bxc3 9. bxc3 dxc4 10. Bxc4 Qc7 11. Bd3 e5 12. Qc2 Re8 13. dxe5 Nxe5 14. Nxe5 Qxe5 15. f3 Be6 16. Re1 Rad8 17. Rb1 Qd5 18. Bf1 Bf5 19. e4 Nxe4 20. fxe4 Rxe4 21. Rxe4 Bxe4 22. Qb2 Bxb1 23. Qxb1 Qd1 24. Qb2 Qe1 25. Bf4 Rd1 26. Qf2 Qxc3 27. a4 Qd3 28. g4 c4 29. Kg2 Qe4+ 30. Kg3 c3 31. Be2 c2 32. Qxa7 h6 33. Qc5 Qxf4+ 0-1

[Event "Netanya Maccabiah"]
[Site "Netanya"]
[Date "2009.07.??"]
[Round "2"]
[White "Lerner, Konstantin Z"]
[Black "Diamant, Andre"]
[Result "1/2-1/2"]
[WhiteElo "2549"]
[BlackElo "2520"]
[PlyCount "61"]
[EventDate "2009.07.??"]
[EventType "swiss"]
[EventRounds "6"]
[EventCountry "ISR"]
[SourceTitle "EXT 2024"]
[Source "ChessBase"]
[SourceDate "2023.10.10"]
[SourceVersion "1"]
[SourceVersionDate "2023.10.10"]
[SourceQuality "1"]

1. Nf3 Nf6 2. g3 g6 3. Bg2 Bg7 4. 0-0 0-0 5. d4 c5 6. c4 cxd4 7. Nxd4 Nc6 8. Nc3 Ng4 9. e3 Nxd4 10. exd4 Nh6 11. Bxh6 Bxh6 12. c5 d6 13. b4 Bg7 14. Rc1 e6 15. Re1 d5 16. Nb5 Qf6 17. Rc3 a5 18. Rf3 Qe7 19. Ra3 Qf6 20. Rf3 Qe7 21. a3 axb4 22. axb4 Bd7 23. Nd6 Ra6 24. Qd2 Rxd6 25. cxd6 Qxd6 26. Rc1 Qb6 27. Rc5 Ra8 28. h4 h5 29. Ra5 Rd8 30. Rc5 Ra8 31. Ra5 1/2-1/2

[Event "ISR-ch 34th"]
[Site "Haifa"]
[Date "2008.12.02"]
[Round "2"]
[White "Baron, Tal"]
[Black "Lerner, Konstantin Z"]
[Result "0-1"]
[WhiteElo "2299"]
[BlackElo "2542"]
[PlyCount "80"]
[EventDate "2008.12.01"]
[EventType "swiss"]
[EventRounds "9"]
[EventCountry "ISR"]
[SourceTitle "CBM 127 Extra"]
[Source "ChessBase"]
[SourceDate "2009.01.08"]
[SourceVersion "2"]
[SourceVersionDate "2009.01.28"]
[SourceQuality "1"]

1. e4 e5 2. Nf3 Nc6 3. Bb5 a6 4. Ba4 Nf6 5. 0-0 Be7 6. Re1 b5 7. Bb3 d6 8. c3 0-0 9. h3 Nb8 10. d4 Nbd7 11. Nbd2 Bb7 12. Bc2 Re8 13. Nf1 Bf8 14. Ng3 g6 15. a4 c5 16. d5 c4 17. Bg5 h6 18. Be3 Nc5 19. Qd2 h5 20. Ra3 Nfd7 21. Rea1 Rb8 22. Ne2 bxa4 23. Ng3 Bc8 24. R1a2 Be7 25. Qe2 a5 26. Bxc5 Nxc5 27. Bxa4 Rf8 28. Nd2 Nd3 29. Bc2 Nc1 30. Qxc4 Nxa2 31. Qxa2 Bh4 32. Ngf1 Bxh3 33. g4 Qg5 34. Kh1 Bxf2 35. Nf3 Qc1 36. Qb1 Qxb1 37. Bxb1 Rxb2 38. Bd3 Ra8 39. N1d2 a4 40. Nc4 Bc5 0-1

[Event "Herzliya op"]
[Site "Herzliya"]
[Date "2008.09.12"]
[Round "9"]
[White "Lerner, Konstantin Z"]
[Black "Kudischewitsch, David"]
[Result "1-0"]
[WhiteElo "2521"]
[BlackElo "2341"]
[PlyCount "77"]
[EventDate "2008.09.02"]
[EventType "swiss"]
[EventRounds "9"]
[EventCountry "ISR"]
[SourceTitle "CBM 126 Extra"]
[Source "ChessBase"]
[SourceDate "2008.11.05"]
[SourceVersion "1"]
[SourceVersionDate "2008.11.05"]
[SourceQuality "1"]

1. Nf3 d5 2. c4 c6 3. e3 Nf6 4. Nc3 g6 5. d4 Bg7 6. Bd3 0-0 7. 0-0 Bg4 8. h3 Bxf3 9. Qxf3 e6 10. Qe2 Nbd7 11. Rd1 Re8 12. Bd2 Qc7 13. Rac1 Rad8 14. Be1 Qb8 15. Qc2 Rc8 16. Qb1 a6 17. a4 Red8 18. b4 Ne8 19. Qb3 Nb6 20. c5 Nd7 21. f4 Nf8 22. b5 axb5 23. axb5 Qc7 24. Ra1 Ra8 25. b6 Qe7 26. Ra7 Rab8 27. Na2 Rd7 28. Nb4 Qd8 29. Rda1 f6 30. Bg3 Kh8 31. Qa4 Qc8 32. Ra8 Rd8 33. Rxb8 Qxb8 34. Nxc6 bxc6 35. Qxc6 Rc8 36. Qb5 Rd8 37. Ra7 g5 38. c6 Nd6 39. Qa6 1-0

[Event "Herzliya op"]
[Site "Herzliya"]
[Date "2008.09.10"]
[Round "7"]
[White "Lerner, Konstantin Z"]
[Black "Zifroni, Dov"]
[Result "1-0"]
[WhiteElo "2521"]
[BlackElo "2489"]
[PlyCount "91"]
[EventDate "2008.09.02"]
[EventType "swiss"]
[EventRounds "9"]
[EventCountry "ISR"]
[SourceTitle "CBM 126 Extra"]
[Source "ChessBase"]
[SourceDate "2008.11.05"]
[SourceVersion "1"]
[SourceVersionDate "2008.11.05"]
[SourceQuality "1"]

1. d4 d5 2. c4 c6 3. Nf3 Nf6 4. Nc3 e6 5. e3 Nbd7 6. Bd3 dxc4 7. Bxc4 b5 8. Bd3 Bb7 9. a3 b4 10. Ne4 Nxe4 11. Bxe4 bxa3 12. 0-0 axb2 13. Bxb2 Qc7 14. Qa4 Bd6 15. Rfc1 0-0 16. d5 exd5 17. Bxh7+ Kxh7 18. Qh4+ Kg8 19. Ng5 Rfe8 20. Qh7+ Kf8 21. Qxg7+ Ke7 22. Qxf7+ Kd8 23. Ne6+ Rxe6 24. Qxe6 Bxh2+ 25. Kh1 Qd6 26. Qh3 Be5 27. Bxe5 Qxe5 28. Rab1 Rb8 29. Rb4 Kc7 30. Kg1 Qd6 31. Ra4 a6 32. Rh4 Re8 33. Rh6 Qe5 34. Rb1 Re7 35. Rh5 Qd6 36. Rh6 Qe5 37. Rh5 Qg7 38. Qh2+ Ne5 39. Qf4 c5 40. Rg5 Qh8 41. Qg3 Qf6 42. f4 Nd7 43. Qe1 Nb6 44. Qa5 Qc6 45. f5 c4 46. Rg6 1-0

[Event "Herzliya op"]
[Site "Herzliya"]
[Date "2008.09.09"]
[Round "6"]
[White "Zilberman, Yaacov"]
[Black "Lerner, Konstantin Z"]
[Result "1/2-1/2"]
[WhiteElo "2453"]
[BlackElo "2521"]
[PlyCount "58"]
[EventDate "2008.09.02"]
[EventType "swiss"]
[EventRounds "9"]
[EventCountry "ISR"]
[SourceTitle "CBM 126 Extra"]
[Source "ChessBase"]
[SourceDate "2008.11.05"]
[SourceVersion "1"]
[SourceVersionDate "2008.11.05"]
[SourceQuality "1"]

1. d4 Nf6 2. c4 e6 3. Nc3 Bb4 4. e3 0-0 5. Bd3 d5 6. Nf3 c5 7. 0-0 Nc6 8. a3 Bxc3 9. bxc3 dxc4 10. Bxc4 Qc7 11. Bd3 e5 12. Qc2 Re8 13. Nxe5 Nxe5 14. dxe5 Qxe5 15. f3 Bd7 16. a4 Rad8 17. Re1 Bc6 18. e4 Nd5 19. Bd2 Nf4 20. Bf1 c4 21. Bxf4 Qxf4 22. Qf2 Qd2 23. Qxa7 Qxc3 24. Rec1 Ra8 25. Rxc3 Rxa7 26. Bxc4 Rxa4 27. Rxa4 Bxa4 28. Bd5 Bc6 29. Bxc6 Rc8 1/2-1/2

[Event "Herzliya op"]
[Site "Herzliya"]
[Date "2008.09.07"]
[Round "5"]
[White "Lerner, Konstantin Z"]
[Black "Shevelev, Arkady"]
[Result "1-0"]
[WhiteElo "2521"]
[BlackElo "2293"]
[PlyCount "95"]
[EventDate "2008.09.02"]
[EventType "swiss"]
[EventRounds "9"]
[EventCountry "ISR"]
[SourceTitle "CBM 126 Extra"]
[Source "ChessBase"]
[SourceDate "2008.11.05"]
[SourceVersion "1"]
[SourceVersionDate "2008.11.05"]
[SourceQuality "1"]

1. d4 Nf6 2. Nf3 c5 3. d5 b5 4. Bg5 d6 5. Bxf6 exf6 6. e4 a6 7. a4 b4 8. Bd3 Bg4 9. Nbd2 g6 10. h3 Bxf3 11. Qxf3 Bg7 12. 0-0 0-0 13. Rab1 Nd7 14. Qg3 Qc7 15. f4 Nb6 16. a5 c4 17. axb6 Qxb6+ 18. Kh1 cxd3 19. cxd3 f5 20. exf5 Qd4 21. Nc4 Rae8 22. Qf3 Re7 23. Ra1 Ra7 24. Ra4 a5 25. Nxa5 Qxb2 26. Nc4 Qd4 27. Rxb4 Ra1 28. Rbb1 Rfa8 29. fxg6 hxg6 30. Nxd6 Rxb1 31. Rxb1 Ra1 32. Rxa1 Qxa1+ 33. Kh2 Bd4 34. Qe2 Kg7 35. Ne4 Qa5 36. d6 Qd5 37. Qc2 Qf5 38. g3 Qb5 39. h4 Kh6 40. Ng5 Qb7 41. Qg2 Qa7 42. Qd5 Bg1+ 43. Kh3 Qf2 44. Nxf7+ Kg7 45. Ne5 Qh2+ 46. Kg4 Qe2+ 47. Nf3 Kh6 48. Qg5+ 1-0

[Event "Herzliya op"]
[Site "Herzliya"]
[Date "2008.09.02"]
[Round "1"]
[White "Lerner, Konstantin Z"]
[Black "Hasidovski, Arnold"]
[Result "1-0"]
[WhiteElo "2521"]
[BlackElo "2180"]
[PlyCount "43"]
[EventDate "2008.09.02"]
[EventType "swiss"]
[EventRounds "9"]
[EventCountry "ISR"]
[SourceTitle "CBM 126 Extra"]
[Source "ChessBase"]
[SourceDate "2008.11.05"]
[SourceVersion "1"]
[SourceVersionDate "2008.11.05"]
[SourceQuality "1"]

1. d4 d5 2. c4 e6 3. Nf3 Nf6 4. Nc3 c5 5. cxd5 Nxd5 6. e3 Nc6 7. Bc4 cxd4 8. exd4 Be7 9. 0-0 0-0 10. Re1 Nf6 11. a3 a6 12. Bg5 b5 13. Ba2 Bb7 14. Qd3 b4 15. Na4 Qa5 16. Bxf6 Bxf6 17. Nc5 Qc7 18. Rac1 bxa3 19. bxa3 Rfd8 20. Nxe6 fxe6 21. Rxe6 Kh8 22. Bb1 1-0

[Event "Lichtenstein Memorial"]
[Site "Elkana"]
[Date "2007.07.26"]
[Round "9"]
[White "Nabaty, Tamir"]
[Black "Lerner, Konstantin Z"]
[Result "1/2-1/2"]
[WhiteElo "2421"]
[BlackElo "2515"]
[PlyCount "154"]
[EventDate "2007.07.15"]
[EventType "tourn"]
[EventRounds "9"]
[EventCountry "ISR"]
[EventCategory "8"]
[SourceTitle "CBM 119 Extra"]
[Source "ChessBase"]
[SourceDate "2007.09.04"]
[SourceVersion "1"]
[SourceVersionDate "2007.09.04"]
[SourceQuality "1"]

1. d4 Nf6 2. Nc3 d5 3. Bg5 Nbd7 4. f3 c5 5. dxc5 e6 6. b4 Be7 7. e4 0-0 8. Bb5 a5 9. a3 axb4 10. axb4 Rxa1 11. Qxa1 dxe4 12. fxe4 Nxe4 13. Nxe4 Bxg5 14. Nf3 Be7 15. 0-0 Nf6 16. Nxf6+ Bxf6 17. Qd1 Bc3 18. Qxd8 Rxd8 19. Rb1 Bf6 20. Kf2 g5 21. Ke2 Kf8 22. Nd2 Be5 23. Nf3 Bf6 24. Nd2 Be5 25. h3 Ke7 26. Nc4 Bc7 27. Ra1 e5 28. Ne3 e4 29. c4 Be5 30. Ra7 Kf8 31. c6 bxc6 32. Bxc6 Be6 33. Bxe4 Rd4 34. Bd3 h5 35. Ra5 Bf4 36. Nf5 Rd8 37. g4 hxg4 38. hxg4 Rb8 39. Ra4 Bd7 40. b5 Re8+ 41. Kf3 Bxf5 42. Bxf5 Re3+ 43. Kf2 Rb3 44. Ke2 Be3 45. Bc2 Rc3 46. Bd3 Bd4 47. Ra6 Ke7 48. Rc6 Rb3 49. c5 Rc3 50. b6 Rxc5 51. b7 Re5+ 52. Kd2 Be3+ 53. Kc2 Ba7 54. Ra6 Bb8 55. Ra8 Rc5+ 56. Kb1 Rd5 57. Rxb8 Rxd3 58. Re8+ Kxe8 59. b8Q+ Rd8 60. Qe5+ Kf8 61. Qc5+ Ke8 62. Qe5+ Kf8 63. Qc5+ Ke8 64. Qb5+ Kf8 65. Qxg5 Re8 66. Kc2 Re6 67. Kd3 Rg6 68. Qf5 Kg8 69. Ke4 Kg7 70. Qe5+ Kg8 71. Kf5 Kh7 72. Qe8 Kg7 73. g5 Re6 74. Qd7 Rg6 75. Kg4 Re6 76. Qd4+ Kg8 77. Kf5 Rg6 1/2-1/2

[Event "Lichtenstein Memorial"]
[Site "Elkana"]
[Date "2007.07.16"]
[Round "2"]
[White "Lerner, Konstantin Z"]
[Black "Sitnikov, Anton"]
[Result "1-0"]
[WhiteElo "2515"]
[BlackElo "2458"]
[PlyCount "67"]
[EventDate "2007.07.15"]
[EventType "tourn"]
[EventRounds "9"]
[EventCountry "ISR"]
[EventCategory "8"]
[SourceTitle "CBM 119 Extra"]
[Source "ChessBase"]
[SourceDate "2007.09.04"]
[SourceVersion "1"]
[SourceVersionDate "2007.09.04"]
[SourceQuality "1"]

1. d4 d5 2. c4 c6 3. Nf3 e6 4. e3 f5 5. Be2 Nf6 6. 0-0 Bd6 7. b3 Qe7 8. Bb2 b6 9. Qc1 a5 10. Ba3 Bb4 11. Ne5 Bb7 12. Nd3 Bxa3 13. Nxa3 Nbd7 14. Qb2 0-0 15. Rac1 Rac8 16. Nb1 c5 17. cxd5 Nxd5 18. dxc5 bxc5 19. Nd2 Nb4 20. Nc4 Ra8 21. Rfd1 Nf6 22. Nde5 Nbd5 23. a3 Ne4 24. f3 Ng5 25. Bf1 Qc7 26. Rd3 Rf6 27. Qf2 Ba6 28. Rdd1 h6 29. Qe1 Bb5 30. h4 Nf7 31. Nxf7 Rxf7 32. e4 fxe4 33. Qxe4 Rf6 34. Rxd5 1-0

[Event "Lichtenstein Memorial"]
[Site "Elkana"]
[Date "2007.07.15"]
[Round "1"]
[White "Lerner, Konstantin Z"]
[Black "Kantsler, Boris"]
[Result "1-0"]
[WhiteElo "2515"]
[BlackElo "2509"]
[PlyCount "77"]
[EventDate "2007.07.15"]
[EventType "tourn"]
[EventRounds "9"]
[EventCountry "ISR"]
[EventCategory "8"]
[SourceTitle "CBM 119 Extra"]
[Source "ChessBase"]
[SourceDate "2007.09.04"]
[SourceVersion "1"]
[SourceVersionDate "2007.09.04"]
[SourceQuality "1"]

1. d4 d6 2. e4 Nf6 3. Nc3 e5 4. Nf3 Nbd7 5. Bc4 Be7 6. 0-0 0-0 7. Re1 c6 8. a4 Qc7 9. h3 Re8 10. Be3 exd4 11. Bxd4 Ne5 12. Ba2 Bd8 13. Ng5 Be6 14. Nxe6 fxe6 15. f4 Nf7 16. e5 dxe5 17. fxe5 Nd5 18. Nxd5 cxd5 19. c4 Bh4 20. cxd5 Bxe1 21. d6 Qd7 22. Qxe1 Rac8 23. Bb3 b6 24. Qe2 Qc6 25. Rd1 Nd8 26. Bc3 Qc5+ 27. Kh1 Rb8 28. Qg4 a5 29. Rd4 b5 30. axb5 Qxb5 31. Bc4 Qd7 32. Bd3 Rf8 33. Rc4 Rb7 34. Be4 Ra7 35. Bd4 Rf1+ 36. Kh2 Re1 37. Bxh7+ Kxh7 38. Bxa7 Qxa7 39. Qh4+ 1-0